| 000 | 02123nam0a2200325 i 4500 | ||
|---|---|---|---|
| 001 | RU\NLR\BIBL_A\011537878 | ||
| 005 | 20240921210308.0 | ||
| 010 |
_a9785906920348 _9100 |
||
| 021 |
_aRU _b2017-81643 _95824 |
||
| 035 | _a(RuMoRGB)009436528 | ||
| 035 | _a(NLR Aleph) 011537878 | ||
| 090 |
_a12179903 _c12179903 |
||
| 100 | _a20171123d2017 km y0rusy50 ca | ||
| 101 | 0 | _arus | |
| 102 | _aRU | ||
| 105 | _aa|||j|||000zy | ||
| 200 | 1 |
_aСистемы обеспечения тепловых режимов космических аппаратов _eучебное пособие _e[для студентов и аспирантов вузов, имеющих космические специальности] _fВ. Д. Атамасов, С. И. Королев, Л. И. Калягин, И. И. Дементьев _gМинистерство образования и науки Российской Федерации, Балтийский государственный технический университет "Военмех", Кафедра космических аппаратов и двигателей |
|
| 210 |
_aСанкт-Петербург _cБалтийский государственный технический университет _d2017 |
||
| 215 |
_a102, [1] с. _cил., табл. _d21 |
||
| 320 | _aБиблиогр.: с. 102 (24 назв.) | ||
| 606 | 1 |
_aКосмические летательные аппараты _jУчебные издания для высших учебных заведений _xТепловой режим _xОбеспечение _xСистемы _91438746 _3RU\NLR\AUTH\66608586 |
|
| 686 | 1 | _aО62-044.06я73-1 | |
| 701 | 1 |
_aАтамасов _bВ. Д. _gВладимир Дмитриевич |
|
| 701 | 1 |
_aКоролев _bС. И. _cд-р техн. наук _f1937-2007 _gСергей Иванович _9182453 _3RU\NLR\AUTH\770182504 |
|
| 701 | 1 |
_aКалягин _bЛ. И. _gЛев Иванович |
|
| 701 | 1 |
_aДементьев _bИ. И. _gИлья Игоревич |
|
| 942 | _cBOOK | ||
| 980 | _aNBR | ||